000 00538cam a22002171 4500
001 sa 68014080
003 DLC
005 20260227112628.0
008 890707s1958 np 000 0 nepo
010 _asa 68014080
035 _a(OCoLC)19980835
040 _aDLC
_cWaU
_dDLC
042 _apremarc
050 0 0 _aBL1202
_b.A27
100 2 _aĀcārya Dīkshita, Sāgaramaṇi,
_d1915-
245 1 0 _aCaṇḍīmā rājanīti.
260 _c[1958/59]
300 _a67 p.
_c19 cm.
500 _aIn Nepali.
650 0 _aHindu mythology.
999 _c85552
_d85552